LIBRARY & INFORMATION CENTRE, KCAET, TAVANUR

ONLINE PUBLIC ACCESS CATALOGUE (OPAC)

Production and operations management (Record no. 13907)

MARC details
000 -LEADER
fixed length control field 00330nam a22001337a 4500
020 ## - INTERNATIONAL STANDARD BOOK NUMBER
ISBN 9789350514320
082 ## - DEWEY DECIMAL CLASSIFICATION NUMBER
Classification number 658.4034
Item number ASW/PR
100 ## - MAIN ENTRY--AUTHOR NAME
Personal name Aswathappa, K
245 ## - TITLE STATEMENT
Title Production and operations management
260 ## - PUBLICATION, DISTRIBUTION, ETC. (IMPRINT)
Place of publication Mumbai
Name of publisher Himalaya Publishing House
Year of publication 2012
300 ## - PHYSICAL DESCRIPTION
Number of Pages 656p
700 ## - ADDED ENTRY--PERSONAL NAME
Personal name Shridhara Bhat K
942 ## - ADDED ENTRY ELEMENTS (KOHA)
Koha item type Books
Holdings
Withdrawn status Lost status Damaged status Collection code Home library Current library Shelving location Date acquired Source of acquisition Full call number Accession Number Koha item type
      Non-fiction KAUAET KAUAET General Stacks 30/03/2013 Minerva Books 658.4034 ASW/PR 23781 Books
free website counter